LEADER 01116nam a2200277 a 4500 001 000000143935 003 CaOOAMICUS 005 20150609131216.0 008 150609s2013 pl u000 u pol r 020 $a978-83-7454-235-7 040 $aPUL$bita 082 04$a223 100 1 $aZieba, Zbigniew.$0(OLS)http://pul/name/92462 245 10$aPsalm 63 :$ba study of its imagery and theology in the context of the Psalter /$cZbigniew Zieba. 260 $aWroclaw :$bTum,$c2013. 300 $a207 p. ;$c24 cm 504 $aBibliografia in nota. 630 04$aBiblia.$pV.T.$pPsalmi.$0(OLS)http://pul/subject/1292 850 $aPUL 852 $aPUL$W1$xSL Religione 3$y85$m223 ZIEZB 1$j166008$qDDC 21$B166435$CPULBib$Z2$F166435 $H126052 $82 941 1 $a9 996 $6020$a978-83-7454-235-7$9(OLS)http://pul/number/157811 996 $6082$a223$9(OLS)http://pul/classification/504 996 $6245$aPsalm 63 :$ba study of its imagery and theology in the context of the Psalter$9(OLS)http://pul/title/182103 996 $6260$aWroclaw :$bTum$9(OLS)http://pul/publisher/83498 LEADER 01272nam a2200301 a 4500 001 000000171002 003 CaOOAMICUS 005 20181210110554.0 008 181210s2005 mau u000 u eng r 020 $a1405126752* 032 $aLibriCat 040 $aPUL$bita 082 04$a401 100 1 $aCappelen, Herman.$0(OLS)http://pul/name/109968 245 12$aInsensitive semantics :$ba defense of semantic minimalism and speech act pluralism /$cHerman Cappelen and Ernie Lepore. 260 $aMalden :$bBlackwell Publishing,$cİ2005. 300 $aXII, 219 p. ;$c23 cm. 504 $aBibliografia in nota. 650 4$aSemantica.$0(OLS)http://pul/subject/9132 700 1 $aLepore, Ernie.$0(OLS)http://pul/name/109969 850 $aPUL 852 $aPUL$W1$xDP2 Cons. Gen., Altre Classi 3$y97$m401 CAPHE 1$j194439$qDDC 21$B199555$CPULBib$Z2$F199555 $H131954 $81 941 1 $a9 996 $6020$a1405126752*$9(OLS)http://pul/number/165556 996 $6082$a401$9(OLS)http://pul/classification/494 996 $6245$aInsensitive semantics :$ba defense of semantic minimalism and speech act pluralism$9(OLS)http://pul/title/211862 996 $6260$aMalden :$bBlackwell Publishing$9(OLS)http://pul/publisher/75868